[Event "KAZ-ch (Women)"]
[Site "Kostanay"]
[Date "2010.04.23"]
[Round "6"]
[White "Abylkassymova, Raushan"]
[Black "Dauletova, Gulmira"]
[Result "0-1"]
[WhiteElo "2002"]
[BlackElo "2012"]
[PlyCount "82"]
[EventDate "2010.04.18"]
[EventType "swiss"]
[EventRounds "9"]
[EventCountry "KAZ"]
[SourceTitle "EXT 2013"]
[Source "ChessBase"]
[SourceDate "2012.11.22"]
[SourceVersion "1"]
[SourceVersionDate "2012.11.22"]
[SourceQuality "1"]

1. e4 c5 2. Nf3 Nc6 3. d4 cxd4 4. Nxd4 g6 5. Nc3 Bg7 6. Be3 Nf6 7. Be2 0-0 8. Nb3 d6 9. 0-0 a5 10. a4 Be6 11. f3 Rc8 12. Kh1 Ne5 13. Bd4 Nc4 14. Nb5 Bh6 15. Bxc4 Bxc4 16. Re1 Nd7 17. Bc3 Bxb5 18. axb5 b6 19. Qd5 Bf4 20. g3 Be5 21. Nd4 e6 22. Qb3 Qf6 23. Rad1 g5 24. Kg2 Rc5 25. Re3 Rfc8 26. Nc6 Kg7 27. Nxe5 Nxe5 28. Rxd6 a4 29. Qb4 Rc4 30. Qa3 Rxc3 31. Rxc3 Nc4 32. Rxc4 Rxc4 33. Rd2 g4 34. Rf2 gxf3+ 35. Qxf3 Qxf3+ 36. Kxf3 Rb4 37. c4 Rxc4 38. Rd2 Rb4 39. Rd7 Rxb5 40. Rd4 Rb3+ 41. Kf4 b5 0-1

[Event "KAZ-ch (Women)"]
[Site "Kostanay"]
[Date "2010.04.21"]
[Round "4"]
[White "Ankudinova, Elena"]
[Black "Abylkassymova, Raushan"]
[Result "1/2-1/2"]
[WhiteElo "2148"]
[BlackElo "2002"]
[PlyCount "52"]
[EventDate "2010.04.18"]
[EventType "swiss"]
[EventRounds "9"]
[EventCountry "KAZ"]
[SourceTitle "EXT 2013"]
[Source "ChessBase"]
[SourceDate "2012.11.22"]
[SourceVersion "1"]
[SourceVersionDate "2012.11.22"]
[SourceQuality "1"]

1. d4 Nf6 2. Nf3 e6 3. c4 b6 4. a3 Ba6 5. Qc2 Be7 6. b4 0-0 7. e3 d5 8. Nbd2 Bb7 9. c5 a5 10. Bb2 axb4 11. axb4 Rxa1+ 12. Bxa1 bxc5 13. bxc5 Ne4 14. Nxe4 dxe4 15. Nd2 f5 16. Be2 Qe8 17. 0-0 Bg5 18. Nc4 f4 19. exf4 Bxf4 20. Bc3 Qg6 21. Ne3 Qg5 22. Bd2 Qf6 23. Ng4 Qg5 24. Bxf4 Qxf4 25. Qc1 Qxc1 26. Rxc1 Nc6 1/2-1/2

[Event "Wch U16 Girls"]
[Site "Kemer"]
[Date "2009.11.21"]
[Round "10"]
[White "Abylkassymova, Raushan"]
[Black "Baciu, Diana"]
[Result "1/2-1/2"]
[WhiteElo "2004"]
[BlackElo "2173"]
[PlyCount "108"]
[EventDate "2009.11.12"]
[EventType "swiss"]
[EventRounds "11"]
[EventCountry "TUR"]
[SourceTitle "EXT 2010"]
[Source "ChessBase"]
[SourceDate "2010.11.25"]
[SourceVersion "1"]
[SourceVersionDate "2010.11.25"]
[SourceQuality "1"]

1. d4 d5 2. Nf3 Nf6 3. g3 e6 4. Bg2 Be7 5. 0-0 0-0 6. c4 dxc4 7. Qc2 a6 8. Qxc4 b5 9. Qc2 Bb7 10. Bd2 Bd6 11. Rd1 Nbd7 12. Ba5 Qb8 13. a3 c5 14. dxc5 Bxc5 15. Bc3 Be4 16. Qc1 Qa7 17. e3 Rac8 18. Nbd2 Bd5 19. Re1 Qb7 20. b4 Be7 21. Qb2 Nb6 22. Rac1 Na4 23. Qa1 Nxc3 24. Rxc3 Rxc3 25. Qxc3 Ne4 26. Nxe4 Bxe4 27. Nh4 Bxh4 28. Bxe4 Qxe4 29. gxh4 Qg4+ 30. Kf1 Qxh4 31. Rd1 Qxh2 32. Qc6 Qh3+ 33. Ke1 Qg4 34. Qxa6 Qc4 35. Rd4 Qc1+ 36. Ke2 Rc8 37. Qxb5 Rc2+ 38. Kf3 Qh1+ 39. Kg3 Qg1+ 40. Kh3 Qh1+ 41. Kg3 Rc8 42. Qg5 Rf8 43. b5 f5 44. Qe7 Qh6 45. b6 Qg6+ 46. Kh2 e5 47. Rd8 Qh5+ 48. Kg2 Qg4+ 49. Kf1 Qc4+ 50. Ke1 Qc1+ 51. Ke2 Qc2+ 52. Kf1 Qc4+ 53. Kg1 Qg4+ 54. Kf1 Qc4+ 1/2-1/2

[Event "Wch U16 Girls"]
[Site "Kemer"]
[Date "2009.11.18"]
[Round "7"]
[White "Abylkassymova, Raushan"]
[Black "Kagramanov, Dalia"]
[Result "1-0"]
[WhiteElo "2004"]
[BlackElo "1835"]
[PlyCount "69"]
[EventDate "2009.11.12"]
[EventType "swiss"]
[EventRounds "11"]
[EventCountry "TUR"]
[SourceTitle "EXT 2010"]
[Source "ChessBase"]
[SourceDate "2010.11.25"]
[SourceVersion "1"]
[SourceVersionDate "2010.11.25"]
[SourceQuality "1"]

1. d4 Nf6 2. Nf3 g6 3. c4 d5 4. Nc3 Bg7 5. cxd5 Nxd5 6. e4 Nxc3 7. bxc3 0-0 8. Be2 c5 9. Rb1 Nc6 10. d5 Bxc3+ 11. Bd2 Bxd2+ 12. Qxd2 Nb8 13. 0-0 Nd7 14. Qh6 f6 15. h4 Rf7 16. Rfd1 Qf8 17. Qe3 Kh8 18. Bb5 b6 19. Bc6 Rb8 20. Qf4 Qd8 21. Bxd7 Bxd7 22. Ne5 Be8 23. Nxf7+ Bxf7 24. e5 f5 25. e6 Be8 26. Qe5+ Kg8 27. d6 exd6 28. e7 Qc7 29. Rxd6 Rc8 30. Re1 c4 31. Rd8 Qc6 32. Qe6+ Qxe6 33. Rxe6 Kf7 34. Rxc8 Kxe6 35. Rxe8 1-0

[Event "Wch U16 Girls"]
[Site "Kemer"]
[Date "2009.11.16"]
[Round "5"]
[White "Abylkassymova, Raushan"]
[Black "Dudas, Szilvia"]
[Result "1-0"]
[WhiteElo "2004"]
[BlackElo "1820"]
[PlyCount "120"]
[EventDate "2009.11.12"]
[EventType "swiss"]
[EventRounds "11"]
[EventCountry "TUR"]
[SourceTitle "EXT 2010"]
[Source "ChessBase"]
[SourceDate "2010.11.25"]
[SourceVersion "1"]
[SourceVersionDate "2010.11.25"]
[SourceQuality "1"]

1. d4 Nf6 2. Nf3 d6 3. c4 Nbd7 4. Nc3 e5 5. e4 Be7 6. Be2 0-0 7. 0-0 b6 8. Qc2 Bb7 9. Rd1 Qc8 10. b3 exd4 11. Nxd4 Nc5 12. Bf3 Re8 13. Bb2 Bf8 14. Re1 Ne6 15. Qd2 Nxd4 16. Qxd4 Qe6 17. Nd5 Bxd5 18. cxd5 Qd7 19. Rac1 Rac8 20. Qd1 Qd8 21. g3 Nd7 22. Bg2 a5 23. a3 Nc5 24. b4 axb4 25. axb4 Na6 26. Qd4 Qd7 27. h4 h6 28. Kh2 Qe7 29. Qc4 Nb8 30. Bh3 Rcd8 31. Qxc7 Qxc7 32. Rxc7 Na6 33. Rb7 Nxb4 34. Re3 Rb8 35. Rxb8 Rxb8 36. Rb3 Na6 37. Bd4 b5 38. Bf1 Nc7 39. Bc3 f5 40. f3 fxe4 41. fxe4 Re8 42. Ba5 Re7 43. e5 Nxd5 44. exd6 Rd7 45. Bxb5 Rxd6 46. Bc4 Kh7 47. Rb8 Be7 48. Bd3+ g6 49. h5 Kg7 50. Bxg6 Rxg6 51. hxg6 Kxg6 52. Rb5 Nf6 53. Kg2 Bd6 54. Kf3 h5 55. Bc3 Be7 56. Rb6 Kf5 57. Rb5+ Ke6 58. Rb6+ Kf5 59. Rb5+ Kg6 60. Bxf6 Bxf6 1-0

[Event "Izmailov Memorial op 13th"]
[Site "Tomsk"]
[Date "2009.07.01"]
[Round "8"]
[White "Slugin, Alexander"]
[Black "Abylkassymova, Raushan"]
[Result "1-0"]
[WhiteElo "2100"]
[BlackElo "1943"]
[PlyCount "103"]
[EventDate "2009.06.24"]
[EventType "swiss"]
[EventRounds "9"]
[EventCountry "RUS"]
[SourceTitle "EXT 2010"]
[Source "ChessBase"]
[SourceDate "2010.11.25"]
[SourceVersion "1"]
[SourceVersionDate "2010.11.25"]
[SourceQuality "1"]

1. d4 Nf6 2. g3 c5 3. Nf3 cxd4 4. Nxd4 g6 5. Bg2 Bg7 6. 0-0 0-0 7. c4 d5 8. cxd5 Nxd5 9. e4 Nb4 10. Be3 N8c6 11. a3 Bxd4 12. Bxd4 Qxd4 13. Qxd4 Nxd4 14. axb4 Nc2 15. Ra5 Nxb4 16. Rc5 Nc6 17. e5 Bf5 18. Nc3 Rac8 19. Nd5 Kg7 20. Rfc1 Nxe5 21. Nxe7 Rxc5 22. Rxc5 Nd3 23. Nxf5+ gxf5 24. Rxf5 Nxb2 25. Bxb7 Rb8 26. Bd5 f6 27. Ba2 Nd3 28. Ra5 Rb7 29. Bd5 Rc7 30. h4 Ne5 31. Kg2 f5 32. Bb3 Kf6 33. Ra6+ Kg7 34. h5 Ng4 35. f3 Nh6 36. Kh3 Nf7 37. Kh4 Ne5 38. h6+ Kf8 39. Rf6+ Ke8 40. Rxf5 Re7 41. f4 Ng6+ 42. Kg5 Re3 43. Bf7+ Ke7 44. g4 Nf8 45. Bg8 Ne6+ 46. Bxe6 Rxe6 47. Ra5 a6 48. f5 Rb6 49. Re5+ Kf7 50. Rc5 Rb7 51. Rc6 Ra7 52. Rc8 1-0

[Event "Izmailov Memorial op 13th"]
[Site "Tomsk"]
[Date "2009.06.25"]
[Round "2"]
[White "Bocharov, Dmitry"]
[Black "Abylkassymova, Raushan"]
[Result "1-0"]
[WhiteElo "2606"]
[BlackElo "1943"]
[PlyCount "51"]
[EventDate "2009.06.24"]
[EventType "swiss"]
[EventRounds "9"]
[EventCountry "RUS"]
[SourceTitle "EXT 2010"]
[Source "ChessBase"]
[SourceDate "2010.11.25"]
[SourceVersion "1"]
[SourceVersionDate "2010.11.25"]
[SourceQuality "1"]

1. d4 Nf6 2. c4 e6 3. Nf3 b6 4. Nc3 Bb7 5. Bg5 Be7 6. e3 0-0 7. Bd3 h6 8. Bh4 d5 9. Bxf6 Bxf6 10. cxd5 exd5 11. Qb3 c5 12. dxc5 d4 13. Nxd4 Bxd4 14. exd4 Qxd4 15. 0-0-0 Qxc5 16. Kb1 Nc6 17. Ne4 Qe7 18. Nd6 Nd4 19. Qb4 Ne6 20. Rhe1 Bxg2 21. Bc4 Qf6 22. Nxf7 Bh3 23. Ne5 Bf5+ 24. Ka1 Rfe8 25. Nd7 Qf7 26. Rd6 1-0

[Event "Voronezh op-B 13th"]
[Site "Voronezh"]
[Date "2009.06.18"]
[Round "7"]
[White "Kirsanova, Ekaterina"]
[Black "Abylkassymova, Raushan"]
[Result "1-0"]
[WhiteElo "2131"]
[BlackElo "1943"]
[PlyCount "107"]
[EventDate "2009.06.12"]
[EventType "swiss"]
[EventRounds "9"]
[EventCountry "RUS"]
[SourceTitle "CBM 130 Extra"]
[Source "ChessBase"]
[SourceDate "2009.07.02"]
[SourceVersion "2"]
[SourceVersionDate "2009.07.15"]
[SourceQuality "1"]

1. c4 Nf6 2. Nc3 e6 3. e4 d6 4. Nf3 Nbd7 5. Be2 Be7 6. 0-0 0-0 7. d4 e5 8. Re1 c6 9. h3 a5 10. Qc2 Qc7 11. Be3 Re8 12. Bf1 Bf8 13. g3 g6 14. Bg2 Bg7 15. Rad1 Rb8 16. d5 cxd5 17. Nb5 Qxc4 18. Qxc4 dxc4 19. Nc7 b5 20. Nxe8 Nxe8 21. Nd2 Ba6 22. Bf1 Kf8 23. a4 bxa4 24. Bxc4 Bc8 25. Bf1 Rxb2 26. Nc4 Rb8 27. Nxa5 f5 28. f3 Ndf6 29. Bf2 Be6 30. Ra1 Bd7 31. Nc4 Bc6 32. Nb6 fxe4 33. fxe4 Rb7 34. Bd3 Ra7 35. g4 h6 36. Nc4 Ra8 37. Nb6 Ra5 38. Rac1 Bd7 39. Nxd7+ Nxd7 40. Re2 Ndf6 41. Ra2 d5 42. Be1 Ra7 43. Bb4+ Kf7 44. exd5 Nxd5 45. Bc4 Nef6 46. Rd1 Ke6 47. Rda1 Rc7 48. Bxd5+ Nxd5 49. Rxa4 Nf4 50. Ra6+ Kd5 51. Rd1+ Ke4 52. Re1+ Kd3 53. Ra3+ Kc2 54. Rea1 1-0

[Event "Moscow op (Women)"]
[Site "Moscow"]
[Date "2009.02.04"]
[Round "5"]
[White "Abylkassymova, Raushan"]
[Black "Severiukhina, Zoja"]
[Result "1-0"]
[WhiteElo "1892"]
[BlackElo "2327"]
[PlyCount "71"]
[EventDate "2009.01.31"]
[EventType "swiss"]
[EventRounds "9"]
[EventCountry "RUS"]
[SourceTitle "EXT 2012"]
[Source "ChessBase"]
[SourceDate "2011.11.24"]
[SourceVersion "1"]
[SourceVersionDate "2011.11.24"]
[SourceQuality "1"]

1. d4 Nf6 2. Nf3 g6 3. g3 Bg7 4. Bg2 0-0 5. 0-0 d6 6. c4 Nbd7 7. Nc3 e5 8. e4 Re8 9. h3 a5 10. b3 exd4 11. Nxd4 Nc5 12. Re1 Nfd7 13. Rb1 Ne5 14. Be3 a4 15. Qd2 c6 16. f4 Ned3 17. Red1 f5 18. exf5 Qf6 19. Nde2 axb3 20. axb3 Qe7 21. Bd4 Bxd4+ 22. Nxd4 Qe3+ 23. Qxe3 Rxe3 24. fxg6 Rxg3 25. gxh7+ Kxh7 26. Kh2 Re3 27. Nc2 Re8 28. b4 Na4 29. Nxa4 Nxf4 30. Nc3 d5 31. cxd5 cxd5 32. Nxd5 Nxd5 33. Rxd5 Ra2 34. Nd4 Re3 35. Kh1 Bxh3 36. Rh5+ 1-0

[Event "Moscow op (Women)"]
[Site "Moscow"]
[Date "2009.02.03"]
[Round "4"]
[White "Rassokhina, Ekaterina"]
[Black "Abylkassymova, Raushan"]
[Result "0-1"]
[WhiteElo "2106"]
[BlackElo "1892"]
[PlyCount "64"]
[EventDate "2009.01.31"]
[EventType "swiss"]
[EventRounds "9"]
[EventCountry "RUS"]
[SourceTitle "EXT 2012"]
[Source "ChessBase"]
[SourceDate "2011.11.24"]
[SourceVersion "1"]
[SourceVersionDate "2011.11.24"]
[SourceQuality "1"]

1. d4 Nf6 2. c4 e6 3. Nc3 Bb4 4. e3 d5 5. Qb3 c5 6. a3 Bxc3+ 7. bxc3 0-0 8. Nf3 Nc6 9. cxd5 exd5 10. Be2 Ne4 11. 0-0 c4 12. Qb2 Na5 13. Nd2 Bf5 14. f3 Nxd2 15. Bxd2 Nb3 16. Rae1 Qb6 17. e4 Be6 18. Bd1 Qd6 19. Bxb3 cxb3 20. e5 Qb6 21. Rb1 Bf5 22. Rbe1 Qb5 23. Bg5 Rac8 24. Be7 Rfe8 25. Bb4 a5 26. Bd6 Qc4 27. Re3 Rc6 28. Qd2 Rb6 29. Bc5 b2 30. Rb1 Qa2 31. Bxb6 Qxb1+ 32. Kf2 Qc1 0-1

[Event "Wch U16 Girls"]
[Site "Vung Tau"]
[Date "2008.10.30"]
[Round "11"]
[White "Abylkassymova, Raushan"]
[Black "Le, Hoang Tran Chau"]
[Result "1/2-1/2"]
[WhiteElo "1834"]
[BlackElo "2041"]
[PlyCount "73"]
[EventDate "2008.10.20"]
[EventType "swiss"]
[EventRounds "11"]
[EventCountry "VIE"]
[SourceTitle "EXT 2009"]
[Source "ChessBase"]
[SourceDate "2008.11.26"]
[SourceVersion "1"]
[SourceVersionDate "2008.11.26"]
[SourceQuality "1"]

1. e4 c5 2. Nf3 d6 3. d4 cxd4 4. Nxd4 Nf6 5. Nc3 g6 6. Be3 Bg7 7. f3 Nc6 8. Qd2 Bd7 9. 0-0-0 0-0 10. g4 Rc8 11. h4 h5 12. g5 Ne8 13. f4 Bg4 14. Be2 Nxd4 15. Bxd4 Bxd4 16. Qxd4 Bxe2 17. Nxe2 Qa5 18. a3 Ng7 19. Rhf1 Rc5 20. Qd2 Qc7 21. Kb1 Rc8 22. Rc1 Qd7 23. Rg1 Rc4 24. Ng3 Qh3 25. f5 gxf5 26. exf5 Nxf5 27. Nxh5 Qf3 28. Rgf1 Qxh5 29. Rxf5 Qg4 30. Qf2 Qxh4 31. Rxf7 Qxf2 32. Rxf2 Rg4 33. Re1 Rc7 34. Rf5 Kg7 35. Re6 Rd7 36. c3 d5 37. Kc2 1/2-1/2

[Event "Wch U16 Girls"]
[Site "Vung Tau"]
[Date "2008.10.22"]
[Round "3"]
[White "Palmitessa, Chiara"]
[Black "Abylkassymova, Raushan"]
[Result "1/2-1/2"]
[WhiteElo "1772"]
[BlackElo "1834"]
[PlyCount "125"]
[EventDate "2008.10.20"]
[EventType "swiss"]
[EventRounds "11"]
[EventCountry "VIE"]
[SourceTitle "EXT 2009"]
[Source "ChessBase"]
[SourceDate "2008.11.26"]
[SourceVersion "1"]
[SourceVersionDate "2008.11.26"]
[SourceQuality "1"]

1. e4 c5 2. Nf3 Nc6 3. d4 cxd4 4. Nxd4 Nf6 5. Nc3 d6 6. f3 e6 7. Be3 Be7 8. Qd2 a6 9. g4 Nxd4 10. Qxd4 0-0 11. 0-0-0 b5 12. Kb1 Bd7 13. h4 Rb8 14. h5 b4 15. Ne2 e5 16. Qd2 a5 17. g5 Ne8 18. g6 a4 19. Bh3 b3 20. cxb3 axb3 21. a3 Rc8 22. Rc1 Bxh3 23. Rxh3 Qd7 24. Rg3 Nf6 25. gxh7+ Kxh7 26. Nc3 Rcd8 27. Qg2 Rg8 28. Rg1 Bf8 29. Bg5 Be7 30. Bxf6 Bxf6 31. Nd5 Qe6 32. Nxf6+ Qxf6 33. Qd2 Qh6 34. Qxh6+ Kxh6 35. Rd1 Rd7 36. Rg2 Rc8 37. Rd3 Rb8 38. Rgd2 Rb6 39. Rh2 f6 40. Kc1 Rc7+ 41. Rc3 Rbc6 42. Rxc6 Rxc6+ 43. Kd1 Rc7 44. Rd2 Rc6 45. Rd3 Rb6 46. Rc3 Kxh5 47. Rc4 g5 48. Rb4 Rc6 49. Rxb3 g4 50. fxg4+ Kxg4 51. Kd2 Kf4 52. Kd3 f5 53. exf5 Kxf5 54. a4 d5 55. a5 Ke6 56. Ra3 Ra6 57. b4 Kd6 58. Rc3 Ra8 59. Rc1 Rb8 60. Rb1 Kc6 61. Rc1+ Kd6 62. Rb1 Kc6 63. Rc1+ 1/2-1/2

[Event "Maralsay op U20"]
[Site "Maralsay"]
[Date "2008.08.19"]
[Round "2"]
[White "Abylkassymova, Raushan"]
[Black "Uteshev, Arsen"]
[Result "0-1"]
[WhiteElo "1669"]
[BlackElo "2203"]
[PlyCount "80"]
[EventDate "2008.08.18"]
[EventType "swiss"]
[EventRounds "9"]
[EventCountry "KAZ"]
[SourceTitle "CBM 126 Extra"]
[Source "ChessBase"]
[SourceDate "2008.11.05"]
[SourceVersion "1"]
[SourceVersionDate "2008.11.05"]
[SourceQuality "1"]

1. d4 e6 2. c4 Nf6 3. Nf3 d5 4. g3 dxc4 5. Bg2 c5 6. Qa4+ Nbd7 7. 0-0 a6 8. Qxc4 b5 9. Qc2 Bb7 10. b3 Rc8 11. Qd1 cxd4 12. Nxd4 Bxg2 13. Kxg2 Bc5 14. Bb2 Qb6 15. e3 0-0 16. Nd2 Rfd8 17. Qe2 Qb7+ 18. Qf3 Nd5 19. Kg1 Bb4 20. Ne4 Ne5 21. Qe2 Nc3 22. Nxc3 Bxc3 23. f4 Bxb2 24. Qxb2 Qe4 25. fxe5 Qxe3+ 26. Qf2 Qxd4 27. Qxd4 Rxd4 28. Rac1 Rxc1 29. Rxc1 g6 30. a3 Rd3 31. Rc6 Rxb3 32. Rxa6 Re3 33. Ra5 Re1+ 34. Kg2 Re2+ 35. Kg1 Rxe5 36. a4 Re1+ 37. Kf2 Ra1 38. Rxb5 Rxa4 39. Rb7 Ra3 40. Re7 Kg7 0-1

[Event "Maralsay op U20"]
[Site "Maralsay"]
[Date "2008.08.18"]
[Round "1"]
[White "Abylkassymova, Raushan"]
[Black "Zhunussov, Bibek"]
[Result "1-0"]
[WhiteElo "1669"]
[BlackElo "2210"]
[PlyCount "80"]
[EventDate "2008.08.18"]
[EventType "swiss"]
[EventRounds "9"]
[EventCountry "KAZ"]
[SourceTitle "CBM 126 Extra"]
[Source "ChessBase"]
[SourceDate "2008.11.05"]
[SourceVersion "1"]
[SourceVersionDate "2008.11.05"]
[SourceQuality "1"]

1. d4 Nf6 2. Nf3 g6 3. c4 Bg7 4. g3 0-0 5. Bg2 d6 6. 0-0 Nc6 7. Nc3 e5 8. d5 Ne7 9. e4 a5 10. b3 Nh5 11. Bd2 h6 12. h3 Bd7 13. Nh2 Kh7 14. a3 Qe8 15. Rc1 f5 16. Nb5 Rc8 17. Bxa5 b6 18. Bd2 f4 19. g4 f3 20. Bxf3 Nf4 21. Bxf4 Rxf4 22. Nc3 Qf7 23. Qd3 Rf8 24. Ne2 Rxf3 25. Nxf3 Qxf3 26. Qxf3 Rxf3 27. Rc3 Rf8 28. b4 Bf6 29. f3 Bg5 30. Kg2 Kg8 31. Nc1 Ra8 32. Rh1 Bh4 33. Nd3 Bg5 34. Nc1 Bh4 35. Nd3 c5 36. bxc5 bxc5 37. Rb1 Ra7 38. Rcb3 Ra4 39. Rb6 Rxa3 40. Rxd6 Ba4 1-0

[Event "Izmailov Memorial op 12th"]
[Site "Tomsk"]
[Date "2008.06.28"]
[Round "4"]
[White "Abylkassymova, Raushan"]
[Black "Panov, Igor"]
[Result "1-0"]
[WhiteElo "1664"]
[BlackElo "2197"]
[PlyCount "80"]
[EventDate "2008.06.25"]
[EventType "swiss"]
[EventRounds "9"]
[EventCountry "RUS"]
[SourceTitle "CBM 125 Extra"]
[Source "ChessBase"]
[SourceDate "2008.09.01"]
[SourceVersion "1"]
[SourceVersionDate "2008.09.01"]
[SourceQuality "1"]

1. d4 Nf6 2. c4 e5 3. dxe5 Ng4 4. Nf3 Nc6 5. Bf4 Bc5 6. e3 d6 7. exd6 Qf6 8. Qd2 Bf5 9. Nc3 Nb4 10. d7+ Bxd7 11. a3 Qa6 12. Rc1 0-0-0 13. axb4 Bxb4 14. Bd3 f6 15. 0-0 Qe6 16. Qc2 g5 17. Bxc7 Bxc3 18. Bxd8 Bb4 19. Ra1 Rxd8 20. Rxa7 Kb8 21. Rfa1 Bc5 22. Ra8+ Kc7 23. Rxd8 Kxd8 24. Qe2 h6 25. Rd1 Kc7 26. Qe1 Kb8 27. b4 Bb6 28. c5 Bc7 29. Be2 h5 30. b5 Kc8 31. b6 Bb8 32. Qd2 Qe8 33. h3 Ba4 34. Ra1 Ne5 35. Qd4 Bd7 36. Ra8 Nc6 37. Qd6 Qd8 38. Bb5 Bf5 39. Bxc6 Qxd6 40. cxd6 bxc6 1-0

[Event "Izmailov Memorial op 12th"]
[Site "Tomsk"]
[Date "2008.06.28"]
[Round "5"]
[White "Katkov, Sergey"]
[Black "Abylkassymova, Raushan"]
[Result "1/2-1/2"]
[WhiteElo "2242"]
[BlackElo "1664"]
[PlyCount "34"]
[EventDate "2008.06.25"]
[EventType "swiss"]
[EventRounds "9"]
[EventCountry "RUS"]
[SourceTitle "CBM 125 Extra"]
[Source "ChessBase"]
[SourceDate "2008.09.01"]
[SourceVersion "1"]
[SourceVersionDate "2008.09.01"]
[SourceQuality "1"]

1. e4 c5 2. Nf3 e6 3. d4 cxd4 4. Nxd4 a6 5. Bd3 Bc5 6. Nb3 Ba7 7. Nc3 Nc6 8. Qe2 b5 9. Be3 b4 10. Na4 Nf6 11. 0-0 0-0 12. f4 d6 13. Bxa7 Rxa7 14. e5 Nd5 15. Qe4 g6 16. c4 bxc3 17. Nxc3 dxe5 1/2-1/2